000 01354nam a22002897a 4500
999 _c158
_d158
003 AR-CdUCM
008 190222b ||||| |||| 00| 0 spa d
040 _aMUNICIPALIDAD PROVINCIAL DEL CUSCO
_cBIBLIOTECA MUNICIPAL DEL CUSCO
082 _a869.56 /
_bC79
100 _aCornejo Polar, Antonio
_9743
245 _aLa novela peruana :
_bsiete estudios /
260 _aLima :
_bHorizonte,
_c1977.
300 _a160 Páginas ;
_c20 cm.
505 _aContiene: [Análisis Literario] -- Aves sin nido: indios "notables" y forasteros -- Matalache: las varias formas de la esclavitud -- La imagen del mundo en la serpiente de oro -- La estructura del acontecimiento de los perros hambrientos -- Los ríos profundos: un universo compacto y quebrado -- El zorro de arriba y el zorro de abajo: función y riesgo del realismo -- Los geniecillos dominicales: sus fortunas y adversidades.
650 _aAnálisis Literario Peruano
_9744
650 _aLa novela peruana
_9745
650 _aAves sin nido
_9746
650 _aMatalache
_9747
650 _aLa serpiente de oro
_9748
650 _aLos perros hambrientos
_9749
650 _aLos ríos profundos
_9750
650 _aEl zorro de arriba y el Zorro de abajo
_9751
650 _aLos geniecillos dominicales
_9752
650 _aLiteratura peruana
_9169
942 _2ddc
_cLIBROS
945 _alccs
_d2019-02-22